000 00678pam a22002414a 4500
001 3575896
005 20180312093910.0
008 990324s2000 ohua 001 0 eng
010 _a 99026766
020 _a0324009550
035 _a(DLC) 99026766
040 _aDLC
_cDLC
_dDLC
041 _aeng
042 _apcc
080 _a658.1599 MAD
082 0 0 _a658.1599 MAD
_221
100 1 _a55
101 _aMF
245 1 0 _aInternational financial management /
_cJeff Madura.
906 _a7
_bcbc
_corignew
_d1
_eocip
_f19
_gy-gencatlg
942 _2ddc
_cBK
999 _c44778
_d44778